| 000 | 00788nam a2200241Ia 4500 | ||
|---|---|---|---|
| 003 | PE SENCICO BE | ||
| 005 | 20251020182612.0 | ||
| 008 | 200515s9999 xx 000 0 und d | ||
| 040 |
_aPE SENCICO BE _cPE SENCICO BE |
||
| 041 | _aspa | ||
| 082 |
_a620.135 _bD67 |
||
| 100 | 1 |
_91059 _aDiaz Gutierrez, Anibal _eautor |
|
| 245 | 1 | 0 |
_aLaminas onduladas de fibra - cemento / _cAnibal Diaz Gutierrez |
| 260 |
_aLima : _bININVI, _c1987 |
||
| 300 |
_a59 p. : _bil., diagrs. ; _c28 cm. |
||
| 500 | _aEn la cubierta: para coberturas - fabricación | ||
| 650 | 1 | 4 |
_aCoberturas _91060 |
| 650 | 2 | 4 |
_aLáminas onduladas _91061 |
| 650 | 2 | 4 |
_aManuales _9633 |
| 650 | 2 | 4 |
_aCemento _9551 |
| 710 | 1 |
_91062 _aInstituto Nacional de Investigación y Normalización de la Vivienda |
|
| 942 |
_cLIB _2ddc |
||
| 999 |
_c3391 _d3391 |
||